Normal view
MARC view
Entry Personal Name
001 - CONTROL NUMBER
- control field: 1237903
003 - CONTROL NUMBER IDENTIFIER
- control field: OSt
005 - DATE AND TIME OF LATEST TRANSACTION
- control field: 20260430150557.0
008 - FIXED-LENGTH DATA ELEMENTS
- fixed length control field: 260430|| aca||aabn | a|a d
040 ## - CATALOGING SOURCE
- Original cataloging agency: OSt
- Transcribing agency: OSt
100 ## - HEADING--PERSONAL NAME
- Personal name: Singh Somveer Au.; Dharmander Kumar Gu
670 ## - SOURCE DATA FOUND
- Source citation: Work cat.: (OSt)1850121: Singh Somveer Au.; Dharmander Kumar Gu., Reliability and Validity of the Basketball Jump Shooting Accuracy Test (BJSAT) in U18 Basketball Players, 2024
